000 00300nam a22001337a 4500
008 181010b xxu||||| |||| 00| 0 eng d
020 _a9780534590949
041 _aeng
080 _a311
100 _a55
101 _aSTA
245 _aEveryday Statistical Reasoning
_cLawson,T.J
942 _2udc
_cBK
999 _c49281
_d49281